| 000 | 00364nam a22001217a 4500 | ||
|---|---|---|---|
| 082 | _a220 PRO | ||
| 100 |
_aARMUGHAN,ZAIN UL ABIDIN,DR USMAN ALI _971577 |
||
| 245 | _aPR-SOF-1337-THREE STAGE KEAD ACAD BATTERY CHARGER WITH TEMPERATURE | ||
| 260 |
_aISLAMABAD _bNUST COLLEGE OF EME _c2014 |
||
| 650 |
_aDE-ELECT-32 _971578 |
||
| 700 |
_aDR SALMAN _971579 |
||
| 942 | _cCR | ||
| 999 |
_c578020 _d578020 |
||